وادي النمل / (رقم التسجيلة. 106997)

تفاصيل مارك
000 -LEADER
fixed length control field 00613nam a22002057a 4500
005 - DATE AND TIME OF LATEST TRANSACTION
control field 20251108173551.0
008 - FIXED-LENGTH DATA ELEMENTS--GENERAL INFORMATION
fixed length control field 250721s2006 xx 000 0 ara d
020 ## - INTERNATIONAL STANDARD BOOK NUMBER
International Standard Book Number 977293406x
082 14 - DEWEY DECIMAL CLASSIFICATION NUMBER
Classification number ط/595.79/أحم
100 1# - MAIN ENTRY--PERSONAL NAME
Personal name أحمد، محمد علي
245 10 - TITLE STATEMENT
Title وادي النمل /
264 1# - PRODUCTION, PUBLICATION, DISTRIBUTION, MANUFACTURE, AND COPYRIGHT NOTICE
Place of production, publication, distribution, manufacture القاهره :
Name of producer, publisher, distributor, manufacturer الدار العربية للكتاب،
Date of production, publication, distribution, manufacture, or copyright notice 2006.
300 ## - PHYSICAL DESCRIPTION
Extent 30ص.
490 0# - SERIES STATEMENT
Series statement رحلة على الورق
650 17 - SUBJECT ADDED ENTRY--TOPICAL TERM
Topical term or geographic name as entry element النمليات (فصيلة)
650 17 - SUBJECT ADDED ENTRY--TOPICAL TERM
Topical term or geographic name as entry element الحشرات (صف)
653 ## - INDEX TERM--UNCONTROLLED
Uncontrolled term ناشئون صغار (10-14 سنة )
942 ## - ADDED ENTRY ELEMENTS (KOHA)
Source of classification or shelving scheme Dewey Decimal Classification
Koha item type كتب
المقتنيات
حالة السحب حالة الفقدان مصدر التصنيف حالة التلف غير قابل للإعارة المكتبة الرئيسية المكتبة الحالية موقع الرف تاريخ التزويد الرقم المتسلسل Total Checkouts رقم الإستدعاء الباركود تاريخ آخر ظهور تاريخ الفاتورة نوع المادة (كوها)
    Dewey Decimal Classification     المكتبة المركزية المكتبة المركزية الأطفال 28/07/2025 1100309   ط/595.79/أحم 1100309 28/07/2025 28/07/2025 كتب
    Dewey Decimal Classification     مكتبة الأميرة ايمان العامة مكتبة الأميرة ايمان العامة الأطفال 28/07/2025 1100310   ط/595.79/أحم 1100310 28/07/2025 28/07/2025 كتب
    Dewey Decimal Classification     مكتبة الاميرة بديعة مكتبة الاميرة بديعة الأطفال 28/07/2025 1100313   ط/595.79/أحم 1100313 28/07/2025 28/07/2025 كتب
    Dewey Decimal Classification     مكتبة الجويدة مكتبة الجويدة الأطفال 28/07/2025 1100314   ط/595.79/أحم 1100314 28/07/2025 28/07/2025 كتب
    Dewey Decimal Classification     مكتبة الحسن العامة مكتبة الحسن العامة الأطفال 28/07/2025 1100315   ط/595.79/أحم 1100315 28/07/2025 28/07/2025 كتب
    Dewey Decimal Classification     مكتبة حمزة العامة مكتبة حمزة العامة الأطفال 28/07/2025 1100316   ط/595.79/أحم 1100316 28/07/2025 28/07/2025 كتب
    Dewey Decimal Classification     مكتبة صويلح العامة مكتبة صويلح العامة الأطفال 28/07/2025 1100311   ط/595.79/أحم 1100311 28/07/2025 28/07/2025 كتب
    Dewey Decimal Classification     مكتبة عدن للأطفال مكتبة عدن للأطفال الأطفال 11/02/2025 1793582   ط/595.79/أحم PLD00515414 28/07/2025 11/02/2025 كتب
Implemented & Customized by: BBB with SCIT (Smart Chains for Information Technology)

Powered by Koha